000 00277nam a2200109Ia 4500
008 210430s9999 xx 000 0 und d
082 _a378.1664 G786114G
245 _aGRE Practicing to take the General Test Big Book
260 _c2000
300 _a1086p.
942 _cBK
_2ddc
999 _c565566
_d565566